Wills Mineral processing technology: an introduction to the practical aspects of ore treatment and mineral recovery

محفوظ في:
التفاصيل البيبلوغرافية
المؤلف الرئيسي: Wills, Barry A (مؤلف)
التنسيق: كتاب
اللغة:الإنجليزية
منشور في: Amsterdam Elsevier 2006
الطبعة:7a. ed
الموضوعات:
الوسوم: إضافة وسم
لا توجد وسوم, كن أول من يضع وسما على هذه التسجيلة!

MARC

LEADER 00000cam a2200000 a 4500
001 UCE0839
003 CL-VaPUC
008 140307e20060000ne |||||||||||||||||eng|d
020 |a 9780750644501 
082 0 4 |a 622.7  |b WIL  |2 21 
100 0 |a Wills, Barry A  |e author  |9 573215 
245 1 0 |a Wills Mineral processing technology: an introduction to the practical aspects of ore treatment and mineral recovery 
250 |a 7a. ed 
300 |a 444 p 
942 |c BK 
945 |d 20140307 11:03:00  |a dcastane 
260 |a Amsterdam  |b Elsevier  |c 2006 
650 7 |a PROCESAMIENTO DE MINERALES  |2 CL-VaPUC  |9 573216 
650 0 |a Industria minera  |9 260256 
650 0 |a Tecnología minera  |9 359084 
583 |a last modification  |c 20140717 09:07:00  |k Rodrigo Vera 
999 |c 354855  |d 354853 
952 |0 0  |1 0  |3 erb  |4 0  |6 622_700000000000000_WIL_2006  |7 0  |8 A  |9 461071  |a BIBING  |b BIBING  |i 5060478  |l 1  |o 622.7 WIL 2006  |p 5060478  |r 2025-01-20  |s 2020-08-03  |w 2019-11-23  |y BK  |z Catalogado en:20140307  |k EIQ 
952 |0 0  |1 0  |3 erb  |4 0  |6 622_700000000000000_WIL_2006  |7 0  |8 A  |9 461072  |a BIBING  |b BIBING  |i 5060486  |o 622.7 WIL 2006  |p 5060486  |r 2025-01-20  |w 2019-11-23  |y BK  |z Catalogado en:20140307  |k EIQ 
952 |0 0  |1 0  |3 erb  |4 0  |6 622_700000000000000_WIL_2006  |7 0  |8 A  |9 461073  |a BIBING  |b BIBING  |i 5060532  |o 622.7 WIL 2006  |p 5060532  |r 2025-01-20  |w 2019-11-23  |y BK  |z Catalogado en:20140307  |k EIQ 
952 |0 0  |1 0  |3 erb  |4 0  |6 622_700000000000000_WIL_2006  |7 0  |8 A  |9 461074  |a BIBING  |b BIBING  |i 5060540  |o 622.7 WIL 2006  |p 5060540  |r 2025-01-20  |w 2019-11-23  |y BK  |z Catalogado en:20140307  |k EIQ 
952 |0 0  |1 0  |3 erb  |4 0  |6 622_700000000000000_WIL_2006  |7 0  |8 A  |9 461075  |a BIBING  |b BIBING  |i 5089557  |o 622.7 WIL 2006  |p 5089557  |r 2025-01-20  |w 2019-11-23  |y BK  |z Catalogado en:20140710  |k EIQ